000 00678nam a22002297a 4500
003 UA-OsUOA
001 27048
007 ta
008 20040615b un ||||| |||| 00| 0 ukr d
090 _a08
_bС69
942 _cBK
040 _aUA-OsUOA
_brus
_cUA-OsUOA
_dUA-OsUOA
245 _aСоциальные институты воспитания. Формирование духовных запросов, потребностей и интересов молодёжи
_bСборник научных трудов
300 _a179 с.
955 _a0
041 _arus
080 _a08
260 _aКиев
_c1991
044 _aUA
650 7 _2UDC
999 _c313388
_d313388